LDR 00862nam a2200193 i 4500 001 000000224457 003 CaOOAMICUS 005 20131031000000.0 008 131031s1923 it u000 u ger u 013 $a203355 040 $aSeMil$bita 100 1 $aWiesmann, Hermann.$0(OLS)http://semarc/name/67186 245 14$aDas Buch der Sprüche :$bmit erzbischöflicher Druckerlaubnis /$cübersetzt und erklärt von Dr. Hermann Wiesmann. 300 $a100 p. 650 4$aBibbia. Antico Testamento. Proverbi - Commentari, studi, critica, interpretazioni.$0(OLS)http://semarc/subject/13566 773 0 $tBibbia$dBonn : Peter Hanstein, 1930.$g6$w()29002 850 $aSeMil 852 $aSeMil$W1$xVenegono$y1$m2VA VII 195$j271280$B174803$CSeMilBibl$Z2$F184815 $81 996 $6245$aDas Buch der Sprüche :$bmit erzbischöflicher Druckerlaubnis$9(OLS)http://semarc/title/321685